000 00564nam a22001697a 4500
020 _a9780521600569
050 _aQC981
_b.C68 2007
100 _aCotton, R. William
245 _aHuman impacts on weather and climate.
_cWilliam R. Cotton and Sr. Roger A.Pielke
250 _a2nd ed.
260 _aCambridge :
_bCambridge university press,
_c2007.
300 _aix, 308p.:
500 _aincludes table of contents, references and index.
650 _v1. Climatology--Social aspects 2. Nature--Effects of humans.
700 _aSr. Pielkens, A. Roger
942 _cGEN
999 _c2044
_d2044